书目信息 |
| 题名: |
现代公共关系学
|
|
| 作者: | 洪瑾 , 吕建文 主编 | |
| 分册: | ||
| 出版信息: | 北京 北京理工大学出版社 2005.07 |
|
| 页数: | 394页 | |
| 开本: | 20cm | |
| 丛书名: | ||
| 单 册: | ||
| 中图分类: | C912.3 | |
| 科图分类: | ||
| 主题词: | 公共关系学--gong gong guan xi xue | |
| 电子资源: | ||
| ISBN: | 7-5640-0543-2 | |
| 000 | 00912nam0 2200241 450 | |
| 001 | 012006446375 | |
| 005 | 20060904164034.03 | |
| 010 | @a7-5640-0543-2@dCNY18.00 | |
| 100 | @a20060610d2005 km y0chiy0120 ea | |
| 101 | 0 | @achi |
| 102 | @aCN@b110000 | |
| 105 | @aa a 000yy | |
| 200 | 1 | @a现代公共关系学@Axian dai gong gong guan xi xue@f洪瑾,吕建文主编@Fhong jin,lu jian wen zhu bian |
| 210 | @a北京@c北京理工大学出版社@d2005.07 | |
| 215 | @a394页@c图@d20cm | |
| 320 | @a有书目 | |
| 330 | @a本书从现代社会发展、演变的角度论述了现代公共关系的本质、特征和公共关系意识的社会价值,并把公共关系与组织的无形资产管理结合起来,由此出发,从更广阔的视角来分析现代公共关系的功能和作用及沟通协调的具体方 . | |
| 606 | 0 | @a公共关系学@Agong gong guan xi xue |
| 690 | @aC912.3@v4 | |
| 701 | 0 | @a洪瑾@Ahong jin@4主编 |
| 701 | 0 | @a吕建文@Alu jian wen@4主编 |
| 801 | 0 | @aCN@bQSSK@c20060904 |
| 905 | @a10447@dC912.3@eH405 | |
| 现代公共关系学/洪瑾,吕建文主编.-北京:北京理工大学出版社,2005.07 |
| 394页:图;20cm |
| ISBN 7-5640-0543-2:CNY18.00 |
| 本书从现代社会发展、演变的角度论述了现代公共关系的本质、特征和公共关系意识的社会价值,并把公共关系与组织的无形资产管理结合起来,由此出发,从更广阔的视角来分析现代公共关系的功能和作用及沟通协调的具体方 . |
| ● |
| 相关链接 |
|
|
|
正题名:现代公共关系学
索取号:C912.3/H405
 
预约/预借
| 序号 | 登录号 | 条形码 | 馆藏地/架位号 | 状态 | 备注 |
| 1 | 584755 | 205847556 | 社科库509/509社科库 59排1列3层/ [索取号:C912.3/H405] | 在馆 | |
| 2 | 584756 | 205847565 | 社科库509/509社科库 59排1列3层/ [索取号:C912.3/H405] | 在馆 | |
| 3 | 584757 | 205847574 | 社科库509/509社科库 59排1列3层/ [索取号:C912.3/H405] | 在馆 |